Vista normal
Vista MARC
Entrada Personal Name
Número de registros utilizados en: 1
001 - CONTROL NUMBER
- control field: 1638
003 - CONTROL NUMBER IDENTIFIER
- control field: DLC
005 - DATE AND TIME OF LATEST TRANSACTION
- control field: 20220225151719.0
008 - FIXED-LENGTH DATA ELEMENTS
- fixed length control field: 810824n| acannaabn |a aaa
010 ## - LIBRARY OF CONGRESS CONTROL NUMBER
- LC control number: n 81091450
035 ## - SYSTEM CONTROL NUMBER
- System control number: (OCoLC)oca00636644
040 ## - CATALOGING SOURCE
- Original cataloging agency: DLC
- Language of cataloging: spa
- Transcribing agency: Mx-PuUPA
- Modifying agency: OCoLC
- Modifying agency: Mx-PuUPA
- Description conventions: rda
100 1# - HEADING--PERSONAL NAME
- Personal name: Alvarez del Real, María Eloísa,
374 ## - OCCUPATION
- Occupation: Autor
375 ## - GENDER
- Gender: mujer
377 ## - ASSOCIATED LANGUAGE
- Language code: spa
400 1# - SEE FROM TRACING--PERSONAL NAME
- Personal name: Del Real, María Eloísa Alvarez
400 1# - SEE FROM TRACING--PERSONAL NAME
- Personal name: Real, María Eloísa Alvarez del
670 ## - SOURCE DATA FOUND
- Source citation: El Vocabulario actual de la América Latina y España, c1976 (a.e.)
- Information found: t.p. (Dra. María Eloísa Alvarez del Real)